Score 0/23 Timer 03:00
0 Plays Today
Hint Missing Word % Correct
New Year's _____Day
96.5%
Where the Streets Have No _____Name
95.4%
With or Without _____You
93.4%
_____ Tree HillOne
92.8%
_____ Bloody _____Sunday
91.5%
A Different _____ of BlueKind
90.3%
_____ Because of YouAll
87.9%
_____ a Little WhileIn
80.4%
_____ DayBeautiful
75.1%
Sweetest _____Thing
69.8%
_____ OnWalk
66.5%
_____ (In The Name Of Love)Pride
64.2%
Hint Missing Word % Correct
_____ On Your BootsGet
64.1%
Angel of _____Harlem
64%
The Miracle (Of _____ Ramone)Joey
60.9%
Ordinary _____Love
59.9%
Last Night on _____Earth
59.4%
_____ StationZoo
57.6%
I Will _____Follow
55.5%
In God's _____Country
54%
The _____ FireUnforgettable
47.2%
_____ SarajevoMiss
46.6%
_____ To Stand StillRunning
46.3%

Today's Daily Dose

You're not logged in!

Compare scores with friends on all Sporcle quizzes.
OR
Log In

Sporcle TV

Today on Sporcle TV


Watch our educational content, quiz creation guides, and fun videos on Sporcle TV.

Show Comments

Extras

Top Quizzes Today


Score Distribution

Paid Content

Your Account Isn't Verified!

In order to create a playlist on Sporcle, you need to verify the email address you used during registration. Go to your Sporcle Settings to finish the process.

Report this User

Report this user for behavior that violates our Community Guidelines.

Details: